LEADER 01438nam a2200301 i 4500 001 000000169007 003 CaOOAMICUS 005 20080206000000.0 008 080206s1988 it u000 u ita u 013 $a146410 020 $a88-307-0191-2 040 $aSeMil$bita 100 1 $aColombo, Dalmazia.$0(OLS)http://semarc/name/45224 245 10$aMozambico :$bi valori religiosi del popolo Makua /$cDalmazia e Rosy Colombo. 260 $aBologna :$bEMI,$c1988. 300 $a176 p., [8] p. di tav. ;$c 21 cm. 490 0 $aBiblioteca scientifica. Nuova serie ;$v2 500 $aContiene : [2] Appendici. - In Appendici : Una carrellata nell'oralità del popolo Makua ; Alcuni elementi della lingua Makua. - In prel. : Dedica autogr. al Card. Colombo. - Fondo card. Giovanni Colombo. 650 4$aMozambico - Popolo Makua - Usi e costumi.$0(OLS)http://semarc/subject/21336 700 1 $aColombo, Rosy.$0(OLS)http://semarc/name/48476 830 0$aBiblioteca scientifica. Nuova serie ;$v2.$0(OLS)http://semarc/title/12508 850 $aSeMil 852 $aSeMil$W1$xVenegono$y1$m3GC III 417$j119989$B119989$CSeMilBibl$Z2$F131196 $8B 941 1 $a3 961 $aLascito: Colombo Card. Giovanni 996 $6020$a88-307-0191-2$9(OLS)http://semarc/number/100078 996 $6245$aMozambico :$bi valori religiosi del popolo Makua$9(OLS)http://semarc/title/170129 996 $6260$aBologna :$bEMI$9(OLS)http://semarc/publisher/29618 LEADER 01514nam a2200265 i 4500 001 000000184138 003 CaOOAMICUS 005 20250212161735.0 008 091217s1975 it u000 u ger u 040 $aSeMil$bita 100 1 $aPfeiffer, Heinrich Wilhelm,$c.$0(OLS)http://semarc/name/63609 245 10$aZur Ikonographie von Raffaels Disputa :$bEgidio da Viterbo und die christlich-platonische Konzeption der Stanza della Segnatura /$cHeinrich Pfeiffer. 264 1$aRoma :$bUniversità Gregoriana,$c1975. 300 $a291 p., [36] p. di tav. :$bill. ;$c25 cm. 490 1 $aMiscellanea Historiae Pontificiae ;$v37 500 $aOrig. presentata dall'autore come tesi. 650 4$aEgidio : da Viterbo <1469-1532> - Opere - Influssi.$0(OLS)http://semarc/subject/57131 650 4$aSanzio, Raffaello <1483-1520> - Opere . Disputa del Sacramento.$0(OLS)http://semarc/subject/23147 650 4$aSanzio, Raffaello <1483-1520> - Affreschi - Roma - Musei vaticani - Stanze.$0(OLS)http://semarc/subject/17091 830 0$aMiscellanea Historiae Pontificiae ;$v37.$0(OLS)http://semarc/title/24 850 $aSeMil 852 $aSeMil$W1$xVenegono$y1$m3TA M 37$j254469$B134834$CSeMilBibl$Z2$F146486 $81 996 $6245$aZur Ikonographie von Raffaels Disputa :$bEgidio da Viterbo und die christlich-platonische Konzeption der Stanza della Segnatura$9(OLS)http://semarc/title/264300 996 $6264$aRoma :$bUniversità Gregoriana$9(OLS)http://semarc/publisher/31479